| 000 | 00000cam 2200000zi 4500 |
| 001 | 9.962955 |
| 003 | CaOODSP |
| 005 | 20260602083607 |
| 006 | m o d f |
| 007 | cr cn |||||||| |
| 008 | 260521e202512##onca ob f000 0 eng d |
| 020 | |a9780662039716 |
| 040 | |aCaOODSP|beng|erda|cCaOODSP |
| 043 | |an-cn--- |
| 086 | 1 |aPS38-144/2026E-PDF |
| 245 | 00|aAudit of executive staffing / |cInternal Audit and Program Evaluation Directorate. |
| 264 | 1|a[Ottawa] : |bCanada Border Services Agency = Agence des services frontaliers du Canada, |cDecember 2025. |
| 264 | 4|c©2025 |
| 300 | |a1 online resource (23 pages) : |billustrations |
| 336 | |atext|btxt|2rdacontent |
| 337 | |acomputer|bc|2rdamedia |
| 338 | |aonline resource|bcr|2rdacarrier |
| 500 | |aIssued also in French under title: Vérification de la dotation des cadres de direction. |
| 504 | |aIncludes bibliographical references. |
| 610 | 20|aCanada Border Services Agency|xAuditing. |
| 650 | 0|aEmployee selection|zCanada|xAuditing. |
| 710 | 2 |aCanada Border Services Agency. |bInternal Audit and Program Evaluation Directorate, |eissuing body. |
| 775 | 08|tVérification de la dotation des cadres de direction / |w(CaOODSP)9.962956 |
| 856 | 40|qPDF|s755 KB|uhttps://publications.gc.ca/collections/collection_2026/asfc-cbsa/PS38-144-2026-eng.pdf |
| 856 | 4 |qHTML|sN/A|uhttps://www.cbsa-asfc.gc.ca/agency-agence/reports-rapports/ae-ve/staffing-dotation/executive-cadres-eng.html |